000 01167cam a22002655a 4500
001 L145789
008 081107s2007 xxkado f 00 0 eng u
020 _a1843186251
022 _a1753-6251
035 _a(Sirsi) u145789
041 0 _aeng
050 0 4 _a650.14 $2 18
245 0 0 _aTargetjobs
_bquantity surveying and building surveying 2008
250 _a20th ed.
260 _aWallingford
_bGTI Specialist Publishers
_c2007
300 _a104p.
_bill.
_c28cm.
505 2 _aWhy choose surveying? -- Getting a job -- Your career in quantity surveying -- Your career in building surveying -- Choosing an employer -- Career development -- Employer and courses providers
520 _aProvides advice for graduates seeking jobs in quantity surveying and building surveying. Includes information on different sectors of the industry, as well as guidance on career development and a job hunting guide. Also sets out profiles of employers and course providers.
521 _aIntroductory
590 _aKA
651 4 _aUnited Kingdom
_y
690 _aCAREERS, EDUCATION AND TRAINING-CAREERS IN SURVEYING
700 1 _aPetrou, Sophie
_eEditor
942 _n0
999 _c108922
_d108922